000 00494nam a2200169 i 4500
001 55690
003 ES-MaACL
005 20230906163210.0
007 t|
008 030925s1923 fr ||||1| fre d
100 1 _aDeubel, Léon.
_943972
245 1 0 _aRégner
_b: poèmes /
_cLéon Deubel ; préface par Louis Pergaud.
260 _aParis :
_b[s.n.],
_c1923 (
_eNiort :
_fG. Glourot)
300 _a260 p., 1 lám. ;
_c19 cm.
700 1 _aPergaud, Louis.
_991237
852 _aES-MaACL
_jF-13005
999 _c55690
_d55690